<?xml version="1.0" encoding="UTF-8"?>
<record
    xmlns:xsi="http://www.w3.org/2001/XMLSchema-instance"
    xsi:schemaLocation="http://www.loc.gov/MARC21/slim http://www.loc.gov/standards/marcxml/schema/MARC21slim.xsd"
    xmlns="http://www.loc.gov/MARC21/slim">

  <leader>00911    a2200229   4500</leader>
  <datafield tag="999" ind1=" " ind2=" ">
    <subfield code="c">22685</subfield>
    <subfield code="d">22685</subfield>
  </datafield>
  <controlfield tag="003">OSt</controlfield>
  <controlfield tag="005">20230809092525.0</controlfield>
  <controlfield tag="008">230807b           ||||| |||| 00| 0 eng d</controlfield>
  <datafield tag="040" ind1=" " ind2=" ">
    <subfield code="a">Municipalidad Provincial del Cusco</subfield>
    <subfield code="c">Biblioteca Municipal del Cusco</subfield>
    <subfield code="b">spa</subfield>
  </datafield>
  <datafield tag="082" ind1=" " ind2=" ">
    <subfield code="a">R / Votreagglo N&#xBA; 119</subfield>
    <subfield code="b">Mars 2023</subfield>
  </datafield>
  <datafield tag="100" ind1=" " ind2=" ">
    <subfield code="a">Gorges, Jean-Pierre</subfield>
    <subfield code="e">Pr&#xE9;sident de Chartres m&#xE9;tropole</subfield>
    <subfield code="9">48874</subfield>
  </datafield>
  <datafield tag="245" ind1=" " ind2=" ">
    <subfield code="a">Votre Agglo /</subfield>
    <subfield code="b">Le magazine de Chartres m&#xE9;tropole</subfield>
  </datafield>
  <datafield tag="260" ind1=" " ind2=" ">
    <subfield code="a">Compi&#xE8;gne :</subfield>
    <subfield code="b">Groupe Morault</subfield>
    <subfield code="c">Marzo-2023</subfield>
  </datafield>
  <datafield tag="300" ind1=" " ind2=" ">
    <subfield code="a">88 p&#xE1;ginas;</subfield>
    <subfield code="b">il. col., diagrs. ;</subfield>
    <subfield code="c">27 cm.</subfield>
  </datafield>
  <datafield tag="440" ind1=" " ind2=" ">
    <subfield code="a">Votre agglo</subfield>
    <subfield code="n"># 119 MARS 2023</subfield>
    <subfield code="9">48875</subfield>
  </datafield>
  <datafield tag="505" ind1=" " ind2=" ">
    <subfield code="a">Bus a haut niveau de service tel un m&#xE9;tro sur pneus&#x2026;</subfield>
  </datafield>
  <datafield tag="650" ind1=" " ind2="0">
    <subfield code="9">1444</subfield>
    <subfield code="a">Francia</subfield>
  </datafield>
  <datafield tag="650" ind1=" " ind2="0">
    <subfield code="a">Metr&#xF3;poli de Chartres</subfield>
    <subfield code="9">48873</subfield>
  </datafield>
  <datafield tag="773" ind1="0" ind2=" ">
    <subfield code="t">Votre Agglo /</subfield>
    <subfield code="x">2114-5547</subfield>
    <subfield code="d">Compi&#xE8;gne : Groupe Morault Febrero-2023</subfield>
    <subfield code="a">Gorges, Jean-Pierre</subfield>
  </datafield>
  <datafield tag="942" ind1=" " ind2=" ">
    <subfield code="2">ddc</subfield>
    <subfield code="c">REV</subfield>
  </datafield>
  <datafield tag="945" ind1=" " ind2=" ">
    <subfield code="a">vcp</subfield>
    <subfield code="d">2023-08-07</subfield>
  </datafield>
  <datafield tag="952" ind1=" " ind2=" ">
    <subfield code="0">0</subfield>
    <subfield code="1">0</subfield>
    <subfield code="2">ddc</subfield>
    <subfield code="4">0</subfield>
    <subfield code="7">0</subfield>
    <subfield code="a">HEM</subfield>
    <subfield code="b">HEM</subfield>
    <subfield code="c">CART</subfield>
    <subfield code="d">2023-04-10</subfield>
    <subfield code="o">R / Votreagglo N&#xBA; 119 Mars 2023</subfield>
    <subfield code="p">HEM0000003</subfield>
    <subfield code="r">2023-08-07</subfield>
    <subfield code="w">2023-08-07</subfield>
    <subfield code="y">REV</subfield>
  </datafield>
</record>
